Riadenie výkonu obchodného personálu a jeho motivácia cez finančné stimuly

Sledovanie a meranie výkonu predajného personálu. Kvantitatívne a kvalitatívne ukazovatele výkonu. Postup na zvýšenie výkonu v predajni. Predajné ciele. Motivácia predajcov cez finančné stimuly. Charakteristiky predajného personálu v situáciách s diferencovanou komplexnosťou a úlohou finančných stim...

Descrizione completa

Salvato in:
Dettagli Bibliografici
Autore principale: Sitášová, Jana
Natura: Capitolo di libro
Lingua:slovacco
Soggetti:
Tags: Aggiungi Tag
Nessun Tag, puoi essere il primo ad aggiungerne!!

MARC

LEADER 00000naa a2200000 4500
001 0197703
005 20240502073335.9
041 0 |a slo 
044 |a SK 
245 1 0 |a Riadenie výkonu obchodného personálu a jeho motivácia cez finančné stimuly  |c Jana Sitášová 
520 |a Sledovanie a meranie výkonu predajného personálu. Kvantitatívne a kvalitatívne ukazovatele výkonu. Postup na zvýšenie výkonu v predajni. Predajné ciele. Motivácia predajcov cez finančné stimuly. Charakteristiky predajného personálu v situáciách s diferencovanou komplexnosťou a úlohou finančných stimulov. 
610 2 0 |a motivácia pracovná 
610 2 0 |a stimuly hmotné 
610 2 0 |a stimuly pracovné 
610 2 0 |a riadenie 
610 2 0 |a predajne 
610 2 0 |a predajcovia 
610 2 0 |a výkony pracovné 
100 1 |a Sitášová, Jana